书目信息 |
| 题名: |
理想在我心中
|
|
| 作者: | 刘苏闽 主编 ;上海市新四军历史研究会 编 | |
| 分册: | ||
| 出版信息: | 上海 上海辞书出版社 2021.09 |
|
| 页数: | 394页 | |
| 开本: | 21cm | |
| 丛书名: | ||
| 单 册: | ||
| 中图分类: | E297.3 , D64-49 | |
| 科图分类: | ||
| 主题词: | 思想政治教育--si xiang zheng zhi jiao yu--中国--通俗读物 | |
| 电子资源: | ||
| ISBN: | 978-7-5326-5804-6 | |
| 000 | 01001nam0 2200253 450 | |
| 001 | 28259 | |
| 005 | 20221008172007.76 | |
| 010 | @a978-7-5326-5804-6@dCNY45.00 | |
| 100 | @a20211115d2021 em y0chiy50 ea | |
| 101 | 0 | @achi |
| 102 | @aCN@b310000 | |
| 105 | @ay z 000yy | |
| 200 | 1 | @a理想在我心中@Ali xiang zai wo xin zhong@e精选本@f上海市新四军历史研究会编@f刘苏闽主编 |
| 210 | @a上海@c上海辞书出版社@d2021.09 | |
| 215 | @a394页@d21cm | |
| 330 | @a本书以新四军老战士为主要作者, 汇集其在革命战争年代和社会主义建设时期战斗、工作、学习、生活的经历, 展现了革命者坚定的信念、高尚的情操和英勇奋斗、视死如归、艰苦朴素、一心为民的优良品德。 | |
| 601 | 02 | @a新四军@Axin si jun@x史料 |
| 606 | 0 | @a思想政治教育@Asi xiang zheng zhi jiao yu@y中国@j通俗读物 |
| 690 | @aE297.3@v5 | |
| 690 | @aD64-49@v5 | |
| 701 | 0 | @a刘苏闽@Aliu su min@4主编 |
| 712 | 02 | @a上海市新四军历史研究会@Ashang hai shi xin si jun li shi yan jiu hui@4编 |
| 801 | 0 | @aCN@c20220910 |
| 905 | @a河南城建学院图书馆@dE297.3@eL674@f2 | |
| 理想在我心中:精选本/上海市新四军历史研究会编/刘苏闽主编.-上海:上海辞书出版社,2021.09 |
| 394页;21cm |
| ISBN 978-7-5326-5804-6:CNY45.00 |
| 本书以新四军老战士为主要作者, 汇集其在革命战争年代和社会主义建设时期战斗、工作、学习、生活的经历, 展现了革命者坚定的信念、高尚的情操和英勇奋斗、视死如归、艰苦朴素、一心为民的优良品德。 |
| ● |
| 相关链接 |
|
|
|
正题名:理想在我心中
索取号:E297.3/L674
 
预约/预借
| 序号 | 登录号 | 条形码 | 馆藏地/架位号 | 状态 | 备注 |
| 1 | 1581105 | 215811058 | 社科库509/509社科库 119排2列1层/ [索取号:E297.3/L674] | 在馆 | |
| 2 | 1581106 | 215811067 | 社科库509/509社科库 119排2列1层/ [索取号:E297.3/L674] | 在馆 |